Daňové priznanie k dani z príjmov fyzickej osoby za zdaňovacie obdobie roka 2014

Niektoré skutočnosti ktoré sú dôležité pre správny výpočet a vyrovnanie daňovej povinnosti prostredníctvom DP za rok 2014.

Salvato in:
Dettagli Bibliografici
Autore principale: Jambrichová, Silvia
Altri autori: Kajanovičová, Zita
Natura: Capitolo di libro
Lingua:slovacco
Soggetti:
Tags: Aggiungi Tag
Nessun Tag, puoi essere il primo ad aggiungerne!!

MARC

LEADER 00000naa a2200000 4500
001 0198124
005 20231208090943.5
041 0 |a slo 
044 |a SK 
245 1 0 |a Daňové priznanie k dani z príjmov fyzickej osoby za zdaňovacie obdobie roka 2014  |c Silvia Jambrichová, Zita Kajanovičová 
520 |a Niektoré skutočnosti ktoré sú dôležité pre správny výpočet a vyrovnanie daňovej povinnosti prostredníctvom DP za rok 2014. 
610 2 0 |a priznania daňové 
610 2 0 |a osoby fyzické 
610 2 0 |a obdobie zdaňovacie 
610 2 0 |a Slovensko 
100 1 |a Jambrichová, Silvia 
700 1 |a Kajanovičová, Zita